[Event "Ruhrgebiet Regionalliga 0910"]
[Site "Germany"]
[Date "2010.05.02"]
[Round "9.4"]
[White "Hinz, Arne"]
[Black "Karger, Frank"]
[Result "0-1"]
[WhiteElo "1994"]
[BlackElo "2253"]
[PlyCount "50"]
[EventDate "2009.09.06"]
[EventType "team-tourn"]
[EventRounds "9"]
[EventCountry "GER"]
[SourceTitle "EXT 2011"]
[Source "ChessBase"]
[SourceDate "2010.11.26"]
[SourceVersion "1"]
[SourceVersionDate "2010.11.26"]
[SourceQuality "1"]
[WhiteTeam "Bochum SG III"]
[BlackTeam "Dortmund Hansa II"]
[WhiteTeamCountry "GER"]
[BlackTeamCountry "GER"]

1. Nc3 c5 2. e4 a6 3. a4 e6 4. d3 Nc6 5. g3 g6 6. Bg2 Bg7 7. Nge2 Nge7 8. Be3 Nd4 9. Qd2 d6 10. Nc1 e5 11. h3 0-0 12. N3e2 Be6 13. c3 Ndc6 14. 0-0 Qd7 15. Kh2 Rfd8 16. f4 d5 17. Bxc5 dxe4 18. Rd1 exd3 19. Qxd3 Qc7 20. Qc2 Nd5 21. Nd3 Bf5 22. Qc1 Na5 23. Bxd5 Rxd5 24. Qe3 Nc4 25. Qf3 e4 0-1

[Event "Ruhrgebiet Regionalliga 0910"]
[Site "Germany"]
[Date "2010.02.07"]
[Round "6.3"]
[White "Pruess, Wilfried"]
[Black "Karger, Frank"]
[Result "0-1"]
[WhiteElo "2194"]
[BlackElo "2253"]
[PlyCount "64"]
[EventDate "2009.09.06"]
[EventType "team-tourn"]
[EventRounds "9"]
[EventCountry "GER"]
[SourceTitle "EXT 2011"]
[Source "ChessBase"]
[SourceDate "2010.11.26"]
[SourceVersion "1"]
[SourceVersionDate "2010.11.26"]
[SourceQuality "1"]
[WhiteTeam "Hamm Koenigsspringer"]
[BlackTeam "Dortmund Hansa II"]
[WhiteTeamCountry "GER"]
[BlackTeamCountry "GER"]

1. d4 f5 2. Nf3 Nf6 3. c4 d6 4. Nc3 g6 5. e3 Bg7 6. Be2 0-0 7. Qc2 c6 8. 0-0 Na6 9. a3 Qe8 10. b4 e5 11. dxe5 dxe5 12. Bb2 e4 13. Nd4 Nc7 14. Rfd1 Bd7 15. Rd2 Qe7 16. Rad1 g5 17. Na4 Rae8 18. b5 f4 19. Nxc6 bxc6 20. Bxf6 Qxf6 21. Rxd7 fxe3 22. fxe3 Qf2+ 23. Kh1 Qh4 24. g3 Qh3 25. c5 Kh8 26. Rxg7 Kxg7 27. Qb2+ Kg6 28. bxc6 Nd5 29. Bc4 Nxe3 30. Rd6+ Kh5 31. Be2+ g4 32. Bxg4+ Qxg4 0-1

[Event "Ruhrgebiet Regionalliga 0910"]
[Site "Germany"]
[Date "2010.01.18"]
[Round "5.4"]
[White "Kleinegger, Frank"]
[Black "Karger, Frank"]
[Result "0-1"]
[WhiteElo "2206"]
[BlackElo "2253"]
[PlyCount "74"]
[EventDate "2009.09.06"]
[EventType "team-tourn"]
[EventRounds "9"]
[EventCountry "GER"]
[SourceTitle "EXT 2011"]
[Source "ChessBase"]
[SourceDate "2010.11.26"]
[SourceVersion "1"]
[SourceVersionDate "2010.11.26"]
[SourceQuality "1"]
[WhiteTeam "Kamen"]
[BlackTeam "Dortmund Hansa II"]
[WhiteTeamCountry "GER"]
[BlackTeamCountry "GER"]

1. d4 f5 2. Nf3 Nf6 3. g3 g6 4. Bg2 Bg7 5. 0-0 0-0 6. c4 d6 7. Nc3 c6 8. b3 Qa5 9. Bb2 e5 10. e3 e4 11. Nd2 Be6 12. a3 d5 13. b4 Qd8 14. Qe2 Nbd7 15. b5 c5 16. dxc5 Nxc5 17. Nxd5 Nxd5 18. Bxg7 Kxg7 19. cxd5 Bxd5 20. Rfd1 Qe7 21. Nc4 Rad8 22. Bf1 Nd3 23. Qc2 Qf6 24. Nd2 Rc8 25. Qb1 Rc3 26. Bxd3 exd3 27. Qb4 Rfc8 28. a4 Qe5 29. Rab1 Rc2 30. a5 R8c4 31. Qa3 Rxd2 32. Rxd2 Qe4 33. Qb2+ Kh6 34. f3 Qxe3+ 35. Kf1 Qxf3+ 36. Kg1 Qh1+ 37. Kf2 Qg2+ 0-1